Economía política de las cuentas nacionales : (Registro nro. 8587)
[ vista simple ]
| 000 -LEADER | |
|---|---|
| fixed length control field | 02574nam a2200313Ia 4500 |
| 003 - CONTROL NUMBER IDENTIFIER | |
| control field | OSt |
| 005 - DATE AND TIME OF LATEST TRANSACTION | |
| control field | 20210909170006.0 |
| 008 - FIXED-LENGTH DATA ELEMENTS--GENERAL INFORMATION | |
| fixed length control field | 210310s1989 ck ad fr 000 0dspa d |
| 020 ## - INTERNATIONAL STANDARD BOOK NUMBER | |
| International Standard Book Number | 9586012271 |
| 040 ## - CATALOGING SOURCE | |
| Original cataloging agency | CO-JMCR |
| Transcribing agency | CO-JMCR |
| 041 0# - LANGUAGE CODE | |
| Language code of text/sound track or separate title | spa |
| 082 04 - DEWEY DECIMAL CLASSIFICATION NUMBER | |
| Classification number | 339.32 / |
| Item number | Z583e |
| Edition number | 23 |
| 100 1# - MAIN ENTRY--PERSONAL NAME | |
| Personal name | Zerda Sarmiento, Álvaro, |
| 9 (RLIN) | 17706 |
| Relator term | autor |
| 245 10 - TITLE STATEMENT | |
| Title | Economía política de las cuentas nacionales : |
| Remainder of title | elementos para una macroeconomía alternativa / |
| Statement of responsibility, etc. | por Alvaro Zerda Sarmiento, Libardo Sarmiento Anzola |
| 250 ## - EDITION STATEMENT | |
| Edition statement | Primera edición |
| 260 ## - PUBLICATION, DISTRIBUTION, ETC. | |
| Place of publication, distribution, etc. | Bogotá : |
| Name of publisher, distributor, etc. | Tercer Mundo : Universidad Nacional, |
| Date of publication, distribution, etc. | 1989 |
| 300 ## - PHYSICAL DESCRIPTION | |
| Extent | 256 páginas : |
| Other physical details | ilustraciones y gráficas a blanco y negro ; |
| Dimensions | 21 cm. |
| 490 0# - SERIES STATEMENT | |
| Series statement | Economía |
| 500 ## - GENERAL NOTE | |
| General note | Incluye notas a pie de página y datos biográficos del autor. |
| 504 ## - BIBLIOGRAPHY, ETC. NOTE | |
| Bibliography, etc. note | Bibliografía: páginas 253-256 |
| 505 0# - FORMATTED CONTENTS NOTE | |
| Formatted contents note | Fundamentos teóricos -- Implicaciones de la distinción entre trabajo productivo y trabajo improductivo -- Aproximación empírica a un análisis de cuentas nacionales marxistas en países de capitalismo tardío. El caso de Colombia -- El concepto de trabajo productivo como alternativa a las interpretaciones de la crisis industrial en Colombia -- Conclusiones: hacia una macroeconomía marxista |
| 520 3# - SUMMARY, ETC. | |
| Summary, etc. | Del medio académico colombiano han ido surgiendo en los últimos años una serie de trabajos cada vez más complejos que intentan explicar creativamente la realidad nacional con herramientas universales de teoría. La obra de Libardo Sarmiento y Álvaro Zerda se inscribe dentro de esta tendencia en dos grandes frentes: por un lado, los autores precisan un concepto fundamental en la teoría económica clásica, cual es el de trabajo productivo, dentro de un proceso de discusión del marxismo que se lleva a cabo en el mundo académico anglosajón y que recurre a rigurosos análisis empíricos, en franco diálogo con corrientes ricardianas y poskeynesianas; por otro lado, ambos se preocupan por comprobar con un manejo esta dístico riguroso los postulados teóricoa previamente des pejados.<br/>Los estudiosos de la teoría económica, de la problemática industrial, de las crisis, de las cuentas nacionales, así como las facultades de ciencias económicas, tendrán en este libro una fuente de obligada consulta. |
| 650 14 - SUBJECT ADDED ENTRY--TOPICAL TERM | |
| Topical term or geographic name entry element | Cuentas nacionales |
| 9 (RLIN) | 17708 |
| Geographic subdivision | Colombia |
| 650 24 - SUBJECT ADDED ENTRY--TOPICAL TERM | |
| Topical term or geographic name entry element | Rentas nacionales |
| Geographic subdivision | Colombia |
| 9 (RLIN) | 40222 |
| 650 24 - SUBJECT ADDED ENTRY--TOPICAL TERM | |
| Topical term or geographic name entry element | Economía política |
| Geographic subdivision | Colombia |
| 9 (RLIN) | 37989 |
| 650 24 - SUBJECT ADDED ENTRY--TOPICAL TERM | |
| Topical term or geographic name entry element | Macroeconomía |
| Geographic subdivision | Colombia |
| 9 (RLIN) | 40154 |
| 700 1# - ADDED ENTRY--PERSONAL NAME | |
| Personal name | Sarmiento Anzola, Libardo, |
| Relator term | autor |
| 9 (RLIN) | 3163 |
| 942 ## - ADDED ENTRY ELEMENTS (KOHA) | |
| Source of classification or shelving scheme | Dewey Decimal Classification |
| Koha item type | Books |
| Withdrawn status | Lost status | Source of classification or shelving scheme | Damaged status | Not for loan | Collection code | Home library | Current library | Date acquired | Source of acquisition | Full call number | Barcode | Date last seen | Copy number | Koha item type |
|---|---|---|---|---|---|---|---|---|---|---|---|---|---|---|
| Dewey Decimal Classification | Non-fiction | Biblioteca Pública José María del Castillo y Rada | Biblioteca Pública José María del Castillo y Rada | 04/15/2018 | Donación | 339.32 / Z583e | 430006236 | 05/16/2024 | Ej.1 | Books |